000 02442nam0a2200361 i 4500
001 RU\NLR\bibl\2049334
005 20260407113252.0
010 _a9785986200729
_9300
021 _aRU
_b2013-42582
_92943
035 _a(nilc)RuMoRGB-006588103
035 _a(NLR Aleph) 002036411
090 _a4575017
_c4575017
100 _a20130603d2012 u y0rusy50 ca
101 0 _arus
102 _aRU
105 _aa zzzz|||||
200 1 _aИнновационные модели организации образовательного пространства на факультете социологии Санкт-Петербургского государственного университета
_e[учебное пособие]
_fСанкт-Петербургский гос. ун-т, Фак. социологии, Учебная лаб. учебного отд. Учебного упр. ректората
_g[ред. группа: И.К. Афанасьева и др.]
210 _aСанкт-Петербург
_cУчебная лаб. Учебного отд. Учебного упр. ректората Санкт-Петербургского гос. ун-та
_d2012
215 _a202, [1] с.
_cил., факс.
_d20
320 _aБиблиогр.: с. 175-176
601 0 2 _aСанкт-Петербургский государственный университет
_bЦентр научно-практической социальной работы и студенческих инициатив
_jУчебные издания
_92171431
_3RU\NLR\AUTH\6601542681
686 1 _aЧ489.112.66я7
686 1 _aЧ489.114(2Р)7я7
702 1 _4340
_8rus
_7ca
_aАфанасьева
_bИ. К.
_cсоц. работник
_gИрина Кирилловна
_3RU\NLR\auth\7782456
_965384
711 0 2 _aСанкт-Петербургский государственный университет
_bФакультет социологии
_3RU\NLR\AUTH\889942835
_9380694
801 0 _aRU
_bRuMoRKP
_c20130603
_gRCR
801 2 _aRU
_bРГБ
_c20130613
_grcr
801 1 _aRU
_bRuMoRKP
_c20130603
_2rusmarc
801 2 _aRU
_bNLR
_c20130702
_grcr
942 _cBOOK
980 _aNBR